| 000 | 00666nam a2200205 a 4500 | ||
|---|---|---|---|
| 005 | 20240706063709.0 | ||
| 008 | 991125s1977 ag 000 0 spa u | ||
| 035 | _aUPN01000003802 | ||
| 049 | _aCG | ||
| 050 | 4 |
_aLC4035 M6 _bU7.2 1977 |
|
| 100 | 1 | _aUribe Torres, Ana María | |
| 245 | 1 | 0 |
_aAportaciones a la educación especial del deficiente mental recuperable / _cAna María Uribe Torres. |
| 250 | _a2a ed. | ||
| 260 |
_aBuenos Aires : _bMédica Panamericana, _c1977. |
||
| 300 | _a391 p. | ||
| 650 | 4 |
_aNiños con discapacidad mental _xEducación _93028 |
|
| 650 | 4 |
_aNIÑOS DE LENTO APRENDIZAJE _910314 |
|
| 650 | 4 |
_aEducación especial _93029 |
|
| 905 | _aLibro | ||
| 999 |
_c3802 _d3802 |
||